| 000 | 00683nam a22002297a 4500 | ||
|---|---|---|---|
| 999 |
_c5023 _d5023 |
||
| 003 | AR-CdUCM | ||
| 008 | 190311b ||||| |||| 00| 0 spa d | ||
| 040 |
_aMUNICIPALIDAD PROVINCIAL DEL CUSCO _cBIBLIOTECA MUNICIPAL DEL CUSCO |
||
| 082 |
_a828.9 / _bSI62 |
||
| 100 |
_aSitwell, Edith _915349 |
||
| 245 | _aCánticos del sol, de la vida y de la muerte / | ||
| 260 |
_aMadrid : _bVisor, _c1971. |
||
| 300 |
_a74 paginas ; _c20 cm. |
||
| 440 |
_aVisor de Poesia _915350 |
||
| 500 | _aDonación familia Nieto | ||
| 505 | _aContenido :Poesías / | ||
| 650 |
_aLiteratura inglesa _91015 |
||
| 650 |
_aPoesía _9139 |
||
| 650 |
_aSiglo XX _98 |
||
| 942 |
_2ddc _cLIBROS |
||
| 945 | _arjall | ||